| 000 | 00452nam a22001697a 4500 | ||
|---|---|---|---|
| 003 | CEME | ||
| 005 | 20210628202039.0 | ||
| 008 | 210224b xxu||||| |||| 00| 0 eng d | ||
| 020 | _a0-07-006618-3 | ||
| 040 | _c. | ||
| 082 | _a006.3 BOS | ||
| 100 |
_aBose, N.K Liang, P _958039 |
||
| 245 | _aNeural networks fundamentals with graph algorithms and applications | ||
| 260 |
_aNEW YORK _bMCGRAW HILL _c1996 |
||
| 300 | _aXXXIII,478P | ||
| 942 |
_cBK _2ddc |
||
| 999 |
_c568262 _d568262 |
||